Petit Atlas historique des Temps modernes (notice n° 2198351)
[ vue normale ]
| 000 -LEADER | |
|---|---|
| fixed length control field | 01303cam a2200133 4500500 |
| 005 - DATE AND TIME OF LATEST TRANSACTION | |
| control field | 20260405085535.0 |
| 041 ## - LANGUAGE CODE | |
| Language code of text/sound track or separate title | fre |
| 042 ## - AUTHENTICATION CODE | |
| Authentication code | dc |
| 100 10 - MAIN ENTRY--PERSONAL NAME | |
| Personal name | Hélie, Jérôme |
| Relator term | author |
| 245 00 - TITLE STATEMENT | |
| Title | Petit Atlas historique des Temps modernes |
| 260 ## - PUBLICATION, DISTRIBUTION, ETC. | |
| Name of publisher, distributor, etc. | Armand Colin,<br/> |
| Date of publication, distribution, etc. | 2025.<br/> |
| 520 ## - SUMMARY, ETC. | |
| Summary, etc. | Cet atlas historique des Temps modernes présente en 46 fiches les phases essentielles d’une longue période qui va de la fin du XVe siècle à 1815. S’appuyant sur les repérages chronologiques et spatiaux, il décrit les caractéristiques et les mutations des nations et des régions, à l’échelle mondiale. Cet outil de référence donne les indications fondamentales sur une période souvent jugée complexe et permet une rapide remise en place des événements et des enjeux au niveau mondial. L’ensemble des aspects – politique, culturel, économique, religieux – est ici exposé et expliqué et permet de comprendre notre monde contemporain. Un index des thèmes, des noms propres et des lieux, facilite la compréhension de la période. Des pistes bibliographiques à la fin de chaque fiche permettent au lecteur d’approfondir les thèmes abordés. |
| 856 41 - ELECTRONIC LOCATION AND ACCESS | |
| Uniform Resource Identifier | <a href="https://shs.cairn.info/petit-atlas-historique-des-temps-modernes--9782200641337?lang=fr&redirect-ssocas=7080">https://shs.cairn.info/petit-atlas-historique-des-temps-modernes--9782200641337?lang=fr&redirect-ssocas=7080</a> |
Pas d'exemplaire disponible.




Réseaux sociaux